|
|
|
|
| LEADER |
01549nam a2200385 a 4500 |
| 001 |
EBC1251413 |
| 003 |
MiAaPQ |
| 005 |
20200520144314.0 |
| 006 |
m o d | |
| 007 |
cr cn||||||||| |
| 008 |
150303s2013 njua s 001 0 eng d |
| 020 |
|
|
|z 9781118544525
|
| 020 |
|
|
|a 9781118652008 (electronic bk.)
|
| 020 |
|
|
|a 9781118651919 (electronic bk.)
|
| 035 |
|
|
|a (MiAaPQ)EBC1251413
|
| 035 |
|
|
|a (Au-PeEL)EBL1251413
|
| 035 |
|
|
|a (CaPaEBR)ebr10731783
|
| 035 |
|
|
|a (CaONFJC)MIL504434
|
| 035 |
|
|
|a (OCoLC)852758622
|
| 040 |
|
|
|a MiAaPQ
|c MiAaPQ
|d MiAaPQ
|
| 050 |
|
4 |
|a HG6042
|b .L569 2013
|
| 082 |
0 |
4 |
|a 332.63/2042
|2 23
|
| 100 |
1 |
|
|a Lloyd, Thomas K.,
|d 1937-
|
| 245 |
1 |
0 |
|a Successful stock signals for traders and portfolio managers
|h [electronic resource] :
|b integrating technical analysis with fundamentals to improve performance /
|c Thomas K. Lloyd, Sr.
|
| 260 |
|
|
|a Hoboken, N.J. :
|b Wiley,
|c c2013.
|
| 300 |
|
|
|a 1 online resource (xxi, 346 p.) :
|b col. ill., graphs.
|
| 490 |
0 |
|
|a Wiley trading series
|
| 500 |
|
|
|a Includes index.
|
| 533 |
|
|
|a Electronic reproduction. Ann Arbor, MI : ProQuest, 2015. Available via World Wide Web. Access may be limited to ProQuest affiliated libraries.
|
| 588 |
|
|
|a Description based on online resource; title from title page (ebrary, viewed July 23, 2013).
|
| 650 |
|
0 |
|a Stock options.
|
| 650 |
|
0 |
|a Portfolio management.
|
| 655 |
|
4 |
|a Electronic books.
|
| 710 |
2 |
|
|a ProQuest (Firm)
|
| 856 |
4 |
0 |
|u https://ebookcentral.proquest.com/lib/matrademy/detail.action?docID=1251413
|z Click to View
|